Výnosy a náklady z hospodárskej činnosti a ich väzba na majetok a záväzky podniku bakalárska práca

Na minha lista:
Detalhes bibliográficos
Autor principal: Šimoneková, Ivana
Autor Corporativo: Fakulta hospodárskej informatiky EU. Katedra účtovníctva a audítorstva
Outros Autores: Kucková, Alena
Formato: Livro
Idioma:eslovaco
Publicado em: Bratislava 2011
Tags: Adicionar Tag
Sem tags, seja o primeiro a adicionar uma tag!

MARC

LEADER 00000nbm a2200000 4500
001 0141213
005 20161109111742.5
041 0 |a slo 
044 |a SK 
245 1 0 |a Výnosy a náklady z hospodárskej činnosti a ich väzba na majetok a záväzky podniku  |b bakalárska práca  |c Ivana Šimoneková ; školiteľ: Alena Kucková 
264 1 |a Bratislava  |c 2011 
300 |a 47 s. 
100 1 |a Šimoneková, Ivana 
700 1 |a Kucková, Alena 
710 2 |a Fakulta hospodárskej informatiky EU. Katedra účtovníctva a audítorstva